[Event "World Cup"]
[Site "Khanty-Mansiysk RUS"]
[Date "2007.11.29"]
[Round "2.5"]
[White "Zvjaginsev, V."]
[Black "Sasikiran, K."]
[Result "0-1"]
[WhiteElo "2674"]
[BlackElo "2661"]
[PlyCount "130"]
[EventDate "2007.11.24"]
[Source "www.chesslib.no"]
[SourceDate "2004.05.04"]

1. d4 d5 2. Nc3 Nf6 3. Bg5 Nbd7 4. e4 dxe4 5. Qe2 h6 6. Bh4 e6 7. Nxe4 Be7 8. O-O-O Nxe4 9. Bxe7 Qxe7 10. Qxe4 Nf6 11. Qh4 Bd7 12. Nf3 Bc6 13. Ne5 Ne4 14. Qxe7+ Kxe7 15. Re1 Nf6 16. Nxc6+ bxc6 17. g3 a5 18. Bg2 Ra6 19. a4 Rd8 20. c3 c5 21. dxc5 Nd7 22. Bb7 Ra7 23. c6 Nc5 24. Kc2 Nxb7 25. cxb7 Rxb7 26. Re4 Rd5 27. b4 c6 28. Rhe1 Ra7 29. Kb3 axb4 30. cxb4 Rd3+ 31. Kc4 Rd2 32. R1e2 Rxe2 33. Rxe2 Rxa4 34. Kc5 Kd7 35. Rd2+ Kc7 36. Rd6 Rxb4 37. Rxc6+ Kd7 38. Rd6+ Ke7 39. Rd2 Re4 40. f3 Re5+ 41. Kc4 g5 42. Ra2 Re3 43. Rf2 e5 44. Kd5 Kf6 45. g4 Kg6 46. h3 h5 47. Rf1 h4 48. Rf2 e4 49. f4 gxf4 50. Rxf4 Rxh3 51. Kxe4 Rg3 52. Rf1 Rxg4+ 53. Kf3 Rg5 54. Rh1 Kh5 55. Ra1 h3 56. Ra8 Rg6 57. Rh8+ Rh6 58. Rf8 Kg6 59. Rg8+ Kf6 60. Rg1 h2 61. Rh1 Kg5 62. Kg3 f5 63. Kf3 Rh3+ 64. Kg2 Kg4 65. Kf2 Ra3 0-1

[Event "Corr"]
[Site "?"]
[Date "1996.11.01"]
[Round "?"]
[White "Reynolds Prof.Robert I.(USA)"]
[Black "Timmerman Gert Jan"]
[Result "0-1"]
[WhiteElo "2565"]
[BlackElo "2725"]
[PlyCount "48"]
[EventDate "1996.??.??"]
[Source "www.chesslib.no"]
[SourceDate "2004.05.04"]

1. d4 Nf6 2. Nc3 d5 3. Bg5 Nbd7 4. Nf3 h6 5. Bf4 e6 6. Nb5 Bb4+ 7. c3 Ba5 8. b4 Bb6 9. e3 a6 10. Na3 Ne4 11. Qc2 g5 12. Be5 f6 13. Bg3 h5 14. h3 Nxg3 15. fxg3 Nf8 16. e4 a5 17. e5 axb4 18. Nb5 bxc3 19. exf6 Qxf6 20. Bd3 g4 21. Nh4 Kd8 22. Rf1 Qg5 23. Ke2 e5 24. Qb3 Qd2# 0-1

[Event "E0165, DESC"]
[Site "?"]
[Date "1999.??.??"]
[Round "?"]
[White "Riepe, Bernhard"]
[Black "Markus, Roland"]
[Result "0-1"]
[WhiteElo "2480"]
[BlackElo "2795"]
[PlyCount "108"]
[EventDate "1999.??.??"]
[Source "www.chesslib.no"]
[SourceDate "2004.05.04"]

1. d4 Nf6 2. Nc3 d5 3. Bg5 Nbd7 4. Nf3 h6 5. Bh4 e6 6. e3 Be7 7. Bd3 c5 8. O-O O-O 9. a4 b6 10. h3 Bb7 11. Qc1 a6 12. Bg3 Ne4 13. Bxe4 dxe4 14. Nd2 cxd4 15. exd4 Nf6 16. Nb3 Rc8 17. a5 b5 18. Nc5 Bxc5 19. dxc5 Rxc5 20. Rd1 Bd5 21. Qe3 Qe7 22. Be5 Rfc8 23. Qf4 Ne8 24. Nxd5 exd5 25. c3 Rd8 26. Rd2 b4 27. cxb4 Rc4 28. Rad1 e3 29. Rd4 f6 30. Qxe3 fxe5 31. Rxd5 Rxd5 32. Rxd5 Nf6 33. Rc5 Rd4 34. f3 Nd5 35. Qb3 Qg5 36. Rxd5 Qc1+ 37. Kh2 Qf4+ 38. Kh1 Qf7 39. Rxd4 Qxb3 40. Rd6 Qxb4 41. Rxa6 Qxb2 42. Kh2 Qb7 43. Rb6 Qa7 44. Rb5 Qc7 45. Kh1 Qc1+ 46. Kh2 Qf4+ 47. Kg1 Qc4 48. Rb8+ Kh7 49. Rb1 Qc5+ 50. Kf1 Qxa5 51. Re1 Kg6 52. g3 Qc3 53. Kf2 Qd4+ 54. Re3 Kf5 0-1

[Event "RUS"]
[Site "?"]
[Date "2006.04.22"]
[Round "3"]
[White "Kornev Alexei"]
[Black "Korneev Oleg"]
[Result "1/2-1/2"]
[WhiteElo "2575"]
[BlackElo "2671"]
[PlyCount "158"]
[EventDate "2006.??.??"]
[Source "www.chesslib.no"]
[SourceDate "2004.05.04"]

1. d4 d5 2. Nc3 Nf6 3. Bg5 Nbd7 4. Nf3 h6 5. Bh4 c5 6. dxc5 e6 7. e4 dxe4 8. Nd2 Nxc5 9. Ndxe4 Ncxe4 10. Qxd8+ Kxd8 11. Nxe4 g5 12. Nxf6 gxh4 13. Be2 Bc5 14. Bf3 Ke7 15. Ne4 Bb6 16. O-O Bd7 17. a4 Bc6 18. a5 Bc7 19. a6 h3 20. axb7 Bxb7 21. g3 Rhd8 22. Ng5 Rdb8 23. Bxb7 Rxb7 24. Nxh3 Rxb2 25. Rfc1 a5 26. Ra4 Bb6 27. Kf1 Rc8 28. c4 e5 29. Re1 f6 30. Re2 Rb1+ 31. Kg2 Kd6 32. c5+ Rxc5 33. Rh4 Ke7 34. Rxh6 Kf7 35. Rh4 Rb4 36. f4 a4 37. fxe5 Rxh4 38. e6+ Ke7 39. gxh4 Re5 40. Rb2 Be3 41. Ra2 Re4 42. Kf3 Rxh4 43. Kxe3 Rxh3+ 44. Kf4 Rh5 45. Kg4 Rg5+ 46. Kf4 Rh5 47. Kg4 Rg5+ 48. Kf4 Ra5 49. Ra3 Kxe6 50. Ke4 Rh5 51. Kf4 Ra5 52. Ke4 f5+ 53. Kf4 Kf6 54. Kf3 Ke5 55. Ke3 Ra8 56. Kf3 Kf6 57. Kf2 Kg5 58. Kg3 Ra7 59. Kf3 Kh4 60. Kf4 Ra5 61. h3 Kh5 62. Kf3 Kg5 63. Kg3 Ra8 64. Kf3 Kh4 65. Kf2 Ra7 66. Kg2 Kg5 67. Kg3 Kf6 68. Kf3 Ke5 69. Ke3 Ra5 70. Kf3 Kd4 71. Kf4 Kc4 72. h4 Kb4 73. Ra1 a3 74. h5 Kb3 75. h6 Ra6 76. Rh1 a2 77. h7 Ra8 78. Kxf5 Rh8 79. Kg6 Kb2 1/2-1/2

[Event "5th IECC Playoff Qualification"]
[Site "Antalya"]
[Date "2004.05.30"]
[Round "1"]
[White "Asrian, Karen"]
[Black "Sargissian, Gabriel"]
[Result "1/2-1/2"]
[WhiteElo "2605"]
[BlackElo "2614"]
[PlyCount "117"]
[EventDate "2004.05.30"]
[Source "Roberto Alvarez"]
[SourceDate "2004.05.31"]

1. Nc3 Nf6 2. d4 d5 3. Bg5 Nbd7 4. f3 c5 5. e3 e6 6. Bb5 Be7 7. Nge2 O-O 8. O-O h6 9. Bh4 a6 10. Bxd7 Bxd7 11. Bf2 Rc8 12. Kh1 b5 13. a3 Qc7 14. Bg3 Qc6 15. Be5 b4 16. Nb1 bxa3 17. Nxa3 Qb7 18. b3 Bb5 19. Nxb5 Qxb5 20. dxc5 Qxc5 21. Nd4 Nd7 22. Bg3 Bf6 23. Rxa6 Bxd4 24. exd4 Qxc2 25. Qxc2 Rxc2 26. Ra7 Nb8 27. Bd6 Nc6 28. Bxf8 Nxa7 29. Bc5 Nb5 30. b4 Rd2 31. Rb1 f6 32. h3 Kf7 33. Ra1 Nxd4 34. Ra7+ Kg6 35. Bf8 e5 36. Rxg7+ Kf5 37. Rd7 h5 38. Rd6 h4 39. Be7 Ne6 40. b5 d4 41. b6 Rd1+ 42. Kh2 Rb1 43. g4+ hxg3+ 44. Kxg3 Rb3 45. Kf2 Rb2+ 46. Kg3 d3 47. h4 d2 48. h5 d1=Q 49. Rxd1 Nf4 50. Bc5 Kg5 51. Bf2 Nxh5+ 52. Kg2 Nf4+ 53. Kf1 Kf5 54. Be3 Rb3 55. Kf2 Nh3+ 56. Ke2 Nf4+ 57. Kf2 Nh3+ 58. Ke2 Nf4+ 59. Kf2 1/2-1/2

[Event "K0005, DESC"]
[Site "?"]
[Date "1999.??.??"]
[Round "?"]
[White "Nittschalk, Karl"]
[Black "Kaus, Frank"]
[Result "1/2-1/2"]
[WhiteElo "2700"]
[BlackElo "2480"]
[PlyCount "68"]
[EventDate "1999.??.??"]
[Source "www.chesslib.no"]
[SourceDate "2004.05.04"]

1. d4 Nf6 2. Nc3 d5 3. Bg5 Bf5 4. e3 e6 5. a3 a6 6. Bd3 Bxd3 7. cxd3 Be7 8. Nf3 O-O 9. h3 h6 10. Bh4 Nbd7 11. O-O c5 12. dxc5 Nxc5 13. d4 Nce4 14. Qb3 Nxc3 15. bxc3 Qc7 16. Bg3 Qa5 17. Qxb7 Rfe8 18. Bc7 Qxc3 19. Rfc1 Qd3 20. Ne5 Qb5 21. Rcb1 Qxb7 22. Rxb7 Rac8 23. Ba5 Rb8 24. Rab1 Rxb7 25. Rxb7 Bxa3 26. Nxf7 Be7 27. Ne5 Bd6 28. Ra7 Bxe5 29. dxe5 Ne4 30. Rxa6 Rb8 31. f3 Nc5 32. Rc6 Rb5 33. Bb6 Nd7 34. Bd4 Kf7 1/2-1/2

[Event "EU-ch 2nd"]
[Site "Ohrid"]
[Date "2001.06.04"]
[Round "4"]
[White "Chernyshov, Konstantin"]
[Black "Beliavsky, Alexander G"]
[Result "1-0"]
[WhiteElo "2536"]
[BlackElo "2638"]
[PlyCount "85"]
[EventDate "2001.06.01"]
[Source "ChessBase"]
[SourceDate "2001.09.13"]

1. d4 Nf6 2. Nc3 d5 3. Bg5 g6 4. Bxf6 exf6 5. Qd3 f5 6. Qg3 Bg7 7. Nb5 Na6 8. Qa3 c5 9. dxc5 O-O 10. e3 Qe7 11. Nd6 Nxc5 12. Qxc5 Rd8 13. O-O-O Qxd6 14. Qxd6 Rxd6 15. Nf3 b5 16. Nd4 b4 17. Be2 Be6 18. Rd3 a5 19. Rhd1 a4 20. Bf3 Ra5 21. a3 bxa3 22. Rxa3 Rb6 23. c3 Bf8 24. b4 Ra8 25. Kd2 f4 26. Rda1 fxe3+ 27. fxe3 Bd7 28. Bxd5 Re8 29. Rf1 Re7 30. Kd3 Bg7 31. e4 Be8 32. Ra2 Rc7 33. Rb1 Bf8 34. b5 a3 35. c4 Bc5 36. Nc2 Ra7 37. Rba1 Kg7 38. Rxa3 Bxa3 39. Rxa3 Rc7 40. Nd4 Rb8 41. Ra6 Kf8 42. b6 Rc5 43. Kc3 1-0

[Event "Montreal2"]
[Site "Montreal"]
[Date "2000.08.04"]
[Round "2"]
[White "Miladinovic, Igor"]
[Black "Smagin, Sergey"]
[Result "0-1"]
[WhiteElo "2563"]
[BlackElo "2605"]
[PlyCount "77"]
[EventDate "2000.08.03"]
[Source "ChessBase"]
[SourceDate "2000.11.21"]

1. d4 d5 2. Nc3 Nf6 3. Bg5 c5 4. Bxf6 gxf6 5. e4 dxe4 6. dxc5 f5 7. Bb5+ Bd7 8. Nge2 Nc6 9. Qd2 e6 10. O-O Rg8 11. Rad1 Bxc5 12. Na4 Bb4 13. c3 Bf8 14. b4 Ne5 15. Bxd7+ Qxd7 16. Qxd7+ Nxd7 17. f3 Nf6 18. Nd4 Rd8 19. Rfe1 exf3 20. Nxf3 Rxd1 21. Rxd1 Nd5 22. Nd4 a6 23. Nxf5 b5 24. Nc5 Rg5 25. Nd4 Nxc3 26. Rd3 Bxc5 27. bxc5 Rxc5 28. Nb3 Rc7 29. Rd6 Ra7 30. a3 Nb1 31. Nc5 Nxa3 32. Nxa6 Nc4 33. Rc6 Ne5 34. Rb6 Nd7 35. Rc6 Ne5 36. Rb6 Nd7 37. Rc6 Rb7 38. Rc7 Rxc7 39. Nxc7+ 0-1

[Event "Corr"]
[Site "?"]
[Date "1996.11.01"]
[Round "?"]
[White "Reynolds Prof.Robert I.(USA)"]
[Black "Vitomskis Janis"]
[Result "1-0"]
[WhiteElo "2565"]
[BlackElo "2595"]
[PlyCount "67"]
[EventDate "1996.??.??"]
[Source "www.chesslib.no"]
[SourceDate "2004.05.04"]

1. d4 Nf6 2. Nc3 d5 3. Bg5 Nbd7 4. Nf3 c6 5. e3 g6 6. Be2 Bg7 7. h3 O-O 8. O-O Ne4 9. Nxe4 dxe4 10. Nd2 f5 11. f3 exf3 12. Bc4+ Kh8 13. Qxf3 Qe8 14. Qg3 Nf6 15. Rae1 h6 16. Bf4 Nh5 17. Qf2 b5 18. Be2 Nxf4 19. exf4 Be6 20. Qe3 Qd7 21. Nf3 Bd5 22. Ne5 Qd6 23. a3 Be4 24. c3 Bd5 25. Bf3 a5 26. Rd1 Rad8 27. Rfe1 Rb8 28. Bxd5 cxd5 29. Nd3 Bf6 30. Qf3 Rfc8 31. Nc5 b4 32. Re6 bxa3 33. bxa3 Rb2 34. Rxd6 1-0

[Event "Corr"]
[Site "?"]
[Date "1996.11.01"]
[Round "?"]
[White "Reynolds Prof.Robert I.(USA)"]
[Black "Poulsen Allan (DEN)"]
[Result "0-1"]
[WhiteElo "2565"]
[BlackElo "2590"]
[PlyCount "86"]
[EventDate "1996.??.??"]
[Source "www.chesslib.no"]
[SourceDate "2004.05.04"]

1. d4 d5 2. Nc3 Nf6 3. Bg5 Nbd7 4. Nf3 g6 5. e3 Bg7 6. Be2 O-O 7. O-O c6 8. h3 b6 9. b4 Bb7 10. Rb1 a5 11. a3 axb4 12. axb4 Ra3 13. Qe1 Qa8 14. Bd3 c5 15. bxc5 bxc5 16. Ne5 Qc8 17. Nb5 Ra4 18. f4 h6 19. Bh4 Bc6 20. g4 Re8 21. Ra1 Rxa1 22. Qxa1 Qb7 23. Qa7 Nxe5 24. fxe5 Ne4 25. Qxb7 Bxb7 26. Bxe4 dxe4 27. Ra1 cxd4 28. exd4 g5 29. Be1 f6 30. c4 fxe5 31. d5 e3 32. Nc7 Rc8 33. Ba5 e4 34. Rb1 Ba8 35. Bb6 Bc3 36. Kf1 Bb7 37. Ke2 Be5 38. Bd4 Bxd4 39. Rxb7 Rf8 40. Rb3 Rf2+ 41. Kd1 Be5 42. d6 Rd2+ 43. Kc1 Rxd6 0-1

[Event "GRE-chT"]
[Site "Athens"]
[Date "1996.??.??"]
[Round "6"]
[White "Miladinovic, Igor"]
[Black "Kotronias, Vasilios"]
[Result "1/2-1/2"]
[WhiteElo "2535"]
[BlackElo "2615"]
[PlyCount "74"]
[EventDate "1996.??.??"]
[Source "ChessBase"]

1. d4 Nf6 2. Nc3 d5 3. Bg5 Nbd7 4. Nf3 e6 5. e4 h6 6. Bxf6 Nxf6 7. e5 Ne4 8. Qd3 Nxc3 9. Qxc3 Bd7 10. Bd3 c5 11. dxc5 Rc8 12. b4 b6 13. c6 Rxc6 14. Qb2 Qc7 15. O-O g6 16. Rae1 Bg7 17. Nd4 Bxe5 18. Bb5 O-O 19. Bxc6 Bxc6 20. f4 Bg7 21. c3 Rc8 22. Rf3 Bd7 23. Qf2 Qd6 24. g4 Rc4 25. a3 a5 26. Kh1 axb4 27. axb4 Bxd4 28. cxd4 Qxb4 29. f5 exf5 30. gxf5 g5 31. Rh3 Rc2 32. Qxc2 Qxe1+ 33. Kg2 Bb5 34. Qc8+ Be8 35. Qc2 Bb5 36. Qc8+ Be8 37. Qc2 Bb5 1/2-1/2

[Event "Corr"]
[Site "?"]
[Date "1996.11.01"]
[Round "?"]
[White "Reynolds Prof.Robert I.(USA)"]
[Black "Kilgour David A.(SCO)"]
[Result "1-0"]
[WhiteElo "2565"]
[BlackElo "2580"]
[PlyCount "83"]
[EventDate "1996.??.??"]
[Source "www.chesslib.no"]
[SourceDate "2004.05.04"]

1. d4 Nf6 2. Nc3 d5 3. Bg5 Bf5 4. e3 e6 5. Bd3 Bxd3 6. cxd3 Be7 7. Nf3 Nbd7 8. O-O O-O 9. Rc1 c6 10. Na4 h6 11. Bh4 Bd6 12. Nc5 Qb6 13. Qc2 Qc7 14. e4 Bf4 15. Rce1 Nxc5 16. Qxc5 Nd7 17. Qc2 f6 18. Qe2 Rf7 19. e5 Bg5 20. Bg3 f5 21. Nxg5 hxg5 22. f4 g4 23. Rb1 Qb6 24. Qe3 a5 25. Be1 a4 26. Bc3 Nb8 27. h3 gxh3 28. Qxh3 g6 29. Kf2 Rh7 30. Qe3 Na6 31. Rh1 Qc7 32. g4 Rf8 33. Qg3 fxg4 34. Qxg4 Rxf4+ 35. Qxf4 Rf7 36. Rh4 Rxf4+ 37. Rxf4 Qh7 38. Kg2 Qh5 39. Rbf1 Qg5+ 40. Kf3 Nc7 41. Ke2 Qh5+ 42. Ke1 1-0

[Event "San Marino SMR"]
[Site "?"]
[Date "2006.06.06"]
[Round "2"]
[White "Vijayalakshmi Subbaraman"]
[Black "Tiviakov Sergei"]
[Result "0-1"]
[WhiteElo "2472"]
[BlackElo "2669"]
[PlyCount "110"]
[EventDate "2006.??.??"]
[Source "www.chesslib.no"]
[SourceDate "2004.05.04"]

1. d4 Nf6 2. Nc3 d5 3. Bg5 Bg4 4. Bxf6 exf6 5. e3 Be6 6. Bd3 f5 7. Nf3 Nd7 8. O-O Bd6 9. Ne2 O-O 10. Nd2 Nf6 11. Rc1 c6 12. c4 dxc4 13. Bxc4 Bd7 14. Qc2 Qe7 15. Bd3 g6 16. g3 Rac8 17. Nb3 b6 18. Nc3 Rfe8 19. Ba6 Rb8 20. Bd3 h5 21. Nd2 c5 22. Bb5 h4 23. dxc5 Bxc5 24. Bxd7 Qxd7 25. Rfd1 Qb7 26. gxh4 f4 27. e4 Qd7 28. Kh1 Qh3 29. Rg1 Ng4 30. Rxg4 Qxg4 31. Nd5 Re6 32. Rg1 Qxh4 33. Rg2 Rd8 34. Nf3 Qh5 35. Qb3 Rxd5 36. exd5 Re2 37. d6 Bxd6 38. Rg5 Qh6 39. Rd5 Be7 40. Re5 Rxe5 41. Nxe5 Qg7 42. Qd5 Qf6 43. Nd3 f3 44. Qe5 Qh4 45. Kg1 Qh3 46. Qb8+ Kh7 47. Qg3 Qf5 48. Ne1 Qb1 49. Kf1 Qxb2 50. Nxf3 Qxa2 51. h4 Qd5 52. Qf4 Kg7 53. Kg1 Bf6 54. Kg2 a5 55. Qc7 a4 0-1

[Event "Corr"]
[Site "?"]
[Date "1996.11.01"]
[Round "?"]
[White "Reynolds Prof.Robert I.(USA)"]
[Black "Gefenas Vladas (LTU)"]
[Result "1-0"]
[WhiteElo "2565"]
[BlackElo "2575"]
[PlyCount "81"]
[EventDate "1996.??.??"]
[Source "www.chesslib.no"]
[SourceDate "2004.05.04"]

1. d4 d5 2. Nc3 Nf6 3. Bg5 Nbd7 4. Nf3 e6 5. e4 h6 6. Bh4 Bb4 7. e5 g5 8. Nxg5 hxg5 9. Bxg5 Rg8 10. Bxf6 Nxf6 11. exf6 Qxf6 12. Qd2 Bd7 13. O-O-O O-O-O 14. Kb1 Bxc3 15. bxc3 c5 16. h4 e5 17. f3 Qb6+ 18. Ka1 f6 19. h5 Rg5 20. h6 Qa5 21. dxc5 Bf5 22. c4 Qxc5 23. h7 Rh8 24. cxd5 Rxh7 25. Rxh7 Bxh7 26. g4 Rg7 27. Bd3 Qd4+ 28. Kb1 Bxd3 29. Qxd3 Qxd3 30. Rxd3 Kd7 31. c4 e4 32. fxe4 Rxg4 33. Re3 Kd6 34. Kc2 Kc5 35. Kd3 f5 36. e5 Rd4+ 37. Ke2 f4 38. Rd3 Re4+ 39. Kf3 Rxe5 40. Kxf4 Re8 41. Kf5 1-0

[Event "United States of America"]
[Site "United States of America"]
[Date "1981.??.??"]
[Round "?"]
[White "Alburt, Lev O"]
[Black "Browne, Walter S"]
[Result "1/2-1/2"]
[WhiteElo "2575"]
[BlackElo "2555"]
[PlyCount "27"]
[EventDate "1981.??.??"]
[Source "www.chesslib.no"]
[SourceDate "2004.05.04"]

1. d4 Nf6 2. Nc3 d5 3. Bg5 Nbd7 4. Nf3 g6 5. e3 Bg7 6. Bd3 O-O 7. O-O c5 8. Re1 b6 9. e4 dxe4 10. Nxe4 cxd4 11. Nxd4 Bb7 12. c3 Ne5 13. Nxf6+ exf6 14. Rb1 1/2-1/2

[Event "EU-chT (Men)"]
[Site "Pula"]
[Date "1997.??.??"]
[Round "3"]
[White "Dydyshko, Viacheslav"]
[Black "Sadler, Matthew"]
[Result "0-1"]
[WhiteElo "2480"]
[BlackElo "2645"]
[PlyCount "88"]
[EventDate "1997.05.05"]
[Source "ChessBase"]

1. d4 d5 2. Nc3 Nf6 3. Bg5 Nbd7 4. Nf3 e6 5. e3 Be7 6. Be2 c5 7. O-O O-O 8. a4 b6 9. a5 bxa5 10. Nd2 cxd4 11. exd4 Bb7 12. Nb3 Bb4 13. Bd3 Bc6 14. Ra2 h6 15. Bh4 Bxc3 16. bxc3 a4 17. Nd2 Qa5 18. Ra3 Rfc8 19. Qe2 Rab8 20. Bg3 Rb2 21. c4 Qb4 22. Rfa1 Ne4 23. Bxe4 dxe4 24. c3 Qb7 25. Qe3 Nb6 26. h3 Rxd2 27. Qxd2 Nxc4 28. Qc2 Nxa3 29. Rxa3 Ra8 30. Ra1 Qb3 31. Qc1 Kh7 32. Rb1 Qd5 33. Qb2 Rc8 34. Qc2 a5 35. Bf4 Qc4 36. Be3 Rc7 37. Bf4 Rd7 38. Be3 f6 39. Qc1 Rc7 40. Bf4 Rc8 41. Rb8 Rxb8 42. Bxb8 e3 43. f3 Qb3 44. Bd6 e2 0-1

[Event "Ch (Men) Pancevo SCG"]
[Site "?"]
[Date "2006.03.10"]
[Round "11"]
[White "Miladinovic Igor"]
[Black "Antic Dejan"]
[Result "1-0"]
[WhiteElo "2607"]
[BlackElo "2505"]
[PlyCount "79"]
[EventDate "2006.??.??"]
[Source "www.chesslib.no"]
[SourceDate "2004.05.04"]

1. d4 d5 2. Nc3 Nf6 3. Bg5 Nbd7 4. e3 e6 5. a3 c5 6. Nf3 Be7 7. Bd3 a6 8. O-O b5 9. dxc5 Nxc5 10. b4 Ncd7 11. e4 Qc7 12. Qe1 dxe4 13. Nxe4 Bb7 14. Rc1 Bd5 15. Bh4 Qb7 16. Nfd2 Rc8 17. Bg3 Nxe4 18. Bxe4 O-O 19. Qe2 Nb6 20. f4 Nc4 21. Nxc4 Bxe4 22. Na5 Qa7+ 23. Bf2 Qa8 24. Bd4 Rfd8 25. c3 Bd5 26. f5 Bf8 27. f6 g6 28. Rce1 Re8 29. Qg4 Qb8 30. Re5 Rcd8 31. h4 Bd6 32. Rg5 e5 33. h5 Qc8 34. Qh4 Bf8 35. hxg6 hxg6 36. Bc5 Bxc5+ 37. bxc5 Qxc5+ 38. Kh2 Qf8 39. Rff5 Be4 40. Rh5 1-0

[Event "Politiken Cup"]
[Site "Helsingor DAN"]
[Date "2008.07.27"]
[Round "10"]
[White "Hector, J."]
[Black "Evdokimov, Alexa"]
[Result "1-0"]
[WhiteElo "2537"]
[BlackElo "2555"]
[PlyCount "63"]
[EventDate "2008.07.19"]
[Source "www.chesslib.no"]
[SourceDate "2004.05.04"]

1. d4 Nf6 2. Nc3 d5 3. Bg5 c5 4. Bxf6 gxf6 5. e3 Nc6 6. Qh5 cxd4 7. exd4 e6 8. Nf3 Bb4 9. Bd3 Bd7 10. O-O Bxc3 11. bxc3 Na5 12. Rfe1 Qe7 13. Nh4 Rg8 14. Qxh7 Qf8 15. Qf5 Qh6 16. Qxd5 Qxh4 17. Qxa5 Bc6 18. d5 b6 19. Qa3 Rxg2+ 20. Kxg2 Bxd5+ 21. Kf1 Qh3+ 22. Ke2 Qf3+ 23. Kd2 Qf4+ 24. Re3 Qxf2+ 25. Re2 Qf4+ 26. Ke1 O-O-O 27. Qxa7 Rg8 28. Ba6+ Kd8 29. Qxb6+ Kd7 30. Qe3 Qd6 31. Qa7+ Kd8 32. Rb1 1-0

[Event "Corr"]
[Site "?"]
[Date "1996.11.01"]
[Round "?"]
[White "Reynolds Prof.Robert I.(USA)"]
[Black "Cayford Richard Anthony (US"]
[Result "1-0"]
[WhiteElo "2565"]
[BlackElo "2525"]
[PlyCount "115"]
[EventDate "1996.??.??"]
[Source "www.chesslib.no"]
[SourceDate "2004.05.04"]

1. d4 Nf6 2. Nc3 d5 3. Bg5 h6 4. Bxf6 exf6 5. e3 c6 6. Bd3 Bd6 7. Qf3 O-O 8. Nge2 Re8 9. g4 b5 10. Ng3 Na6 11. O-O-O Nc7 12. h4 Ne6 13. Nf5 Bf8 14. Rdg1 a5 15. Ne2 g6 16. Neg3 b4 17. Nh5 gxh5 18. g5 Nxg5 19. Qxh5 Bxf5 20. Bxf5 Bg7 21. Rg3 Kf8 22. hxg5 fxg5 23. f4 Qd6 24. Qg4 f6 25. Rgh3 Ke7 26. Rxh6 Bxh6 27. Rxh6 Rh8 28. fxg5 Raf8 29. Qh3 Rxh6 30. gxh6 Qd8 31. h7 Rh8 32. Qg3 Kf8 33. Kd2 Qe7 34. c3 bxc3+ 35. bxc3 Kf7 36. a4 Kf8 37. Bd3 Qd8 38. c4 Qe7 39. c5 Qd7 40. Qf4 Kg7 41. Bf5 Qe7 42. Qg3+ Kf8 43. Qd6 Qxd6 44. cxd6 Kg7 45. d7 Kf7 46. e4 dxe4 47. Ke3 Ke7 48. Kxe4 Kd6 49. Kf4 Ke7 50. Kg4 Kf7 51. Kh5 Kg7 52. Bg6 Rd8 53. Be8 Kxh7 54. Kg4 Kg7 55. Kf5 Ra8 56. Ke6 Kf8 57. Bg6 Rd8 58. Be4 1-0

[Event "BIH-chT"]
[Site "Neum"]
[Date "2002.06.03"]
[Round "2.1"]
[White "Markovic, Miroslav"]
[Black "Cvitan, Ognjen"]
[Result "1/2-1/2"]
[WhiteElo "2517"]
[BlackElo "2570"]
[PlyCount "129"]
[EventDate "2002.06.02"]
[Source "ChessBase"]
[SourceDate "2002.09.20"]

1. d4 Nf6 2. Nc3 d5 3. Bg5 c6 4. Qd3 Qa5 5. Bxf6 exf6 6. e4 Bb4 7. exd5 O-O 8. Nge2 cxd5 9. O-O-O Nc6 10. Qb5 Qxb5 11. Nxb5 Rd8 12. Nf4 Ba5 13. c3 a6 14. Na3 Bc7 15. Nd3 Re8 16. Nc2 Bg4 17. Rd2 Bf5 18. Ne3 Bxd3 19. Bxd3 Bf4 20. Re2 g6 21. g4 Re6 22. Kd1 Rd8 23. h3 b5 24. Rhe1 Bc7 25. Nc2 Rdd6 26. Re3 Kf8 27. Bf1 Na5 28. b3 Nc6 29. b4 Ne7 30. Na1 Rxe3 31. Rxe3 f5 32. Nb3 fxg4 33. hxg4 Rf6 34. Ke1 Bf4 35. Re2 Bd6 36. Re3 Bf4 37. Rh3 Kg7 38. Nc5 h6 39. Bd3 Nc8 40. Kf1 Bd2 41. Be2 Ne7 42. Rd3 Bf4 43. Bd1 g5 44. a4 bxa4 45. Bxa4 Rd6 46. Rd1 Ng6 47. Bc2 Nh4 48. Bd3 Rf6 49. Ke2 Bd6 50. Nxa6 Ng2 51. Nc5 Nf4+ 52. Kf1 h5 53. gxh5 g4 54. Bc2 Rh6 55. Nd3 Rxh5 56. Nxf4 Bxf4 57. b5 Bc7 58. Kg1 Rh3 59. Bf5 Rxc3 60. Bxg4 Bb6 61. Be2 Rb3 62. Kg2 Kf6 63. Rh1 Bxd4 64. Rh4 Ke5 65. Rh1 1/2-1/2

[Event "IV Open Vila de Sort"]
[Site "Sort SPA"]
[Date "2008.06.26"]
[Round "3"]
[White "Sengupta, Deep"]
[Black "Delchev, Aleksander"]
[Result "0-1"]
[WhiteElo "2446"]
[BlackElo "2639"]
[PlyCount "56"]
[EventDate "2008.06.24"]
[Source "www.chesslib.no"]
[SourceDate "2004.05.04"]

1. d4 Nf6 2. Nc3 d5 3. Bg5 Nbd7 4. Qd3 h6 5. Bh4 c5 6. O-O-O b5 7. Qd2 c4 8. e4 Nxe4 9. Nxe4 dxe4 10. f3 Nf6 11. Qe1 e3 12. Bxf6 exf6 13. Qxe3+ Be7 14. Re1 Rb8 15. h4 Rb7 16. g4 O-O 17. Kb1 Bb4 18. Rd1 Re8 19. Qf2 c3 20. Bd3 Qa5 21. g5 Rb6 22. Ne2 cxb2 23. c3 Be6 24. Kc2 Rc6 25. Be4 Qxa2 26. Kd3 f5 27. Ke3 fxe4 28. cxb4 exf3 0-1

[Event "Budapest FS08 GM"]
[Site "Budapest"]
[Date "2002.08.08"]
[Round "6"]
[White "Chernyshov, Konstantin"]
[Black "Vajda, Levente"]
[Result "0-1"]
[WhiteElo "2518"]
[BlackElo "2564"]
[PlyCount "68"]
[EventDate "2002.08.03"]
[Source "ChessBase"]
[SourceDate "2002.09.11"]

1. d4 Nf6 2. Nc3 d5 3. Bg5 c6 4. Qd3 Qa5 5. f3 b5 6. e3 Nbd7 7. Nge2 e5 8. Bxf6 gxf6 9. Kf2 h5 10. h4 b4 11. Nd1 c5 12. c3 bxc3 13. Ndxc3 cxd4 14. exd4 Rb8 15. f4 Rxb2 16. Rc1 Ba6 17. Qf5 Qb6 18. Kf3 Qe6 19. Qxe6+ fxe6 20. Nd1 Rd2 21. Rc6 Nb8 22. Rxe6+ Kf7 23. Rxa6 Nxa6 24. Nec3 Nb4 25. dxe5 fxe5 26. fxe5 Bc5 27. g4 hxg4+ 28. Kxg4 Rg8+ 29. Kf3 Nc6 30. Kf4 Rd4+ 31. Kf3 Nxe5+ 32. Ke2 Re8 33. Bg2 Nd3+ 34. Kf3 Ne1+ 0-1

[Event "Cappelle la Grande (20eme open)"]
[Site "?"]
[Date "2004.03.06"]
[Round "9"]
[White "Slobodjan Roman"]
[Black "Korneev Oleg"]
[Result "0-1"]
[WhiteElo "2516"]
[BlackElo "2566"]
[PlyCount "72"]
[EventDate "2004.??.??"]
[Source "www.chesslib.no"]
[SourceDate "2004.05.04"]

1. d4 Nf6 2. Nc3 d5 3. Bg5 Nbd7 4. e3 h6 5. Bh4 e6 6. a3 Be7 7. Nf3 c5 8. Be2 b6 9. Bb5 Bb7 10. Ne5 O-O 11. Bc6 Rb8 12. Bxb7 Rxb7 13. Nc6 Qe8 14. Bg3 b5 15. O-O a6 16. Na5 Ra7 17. Nc6 Ra8 18. Re1 Nb6 19. Nxe7+ Qxe7 20. Bh4 Nbd7 21. Ne2 Rfc8 22. c3 a5 23. Bxf6 Nxf6 24. Ng3 cxd4 25. cxd4 Rc4 26. Qd3 Rac8 27. Ne2 Ne4 28. f3 Nd6 29. Nc3 Qg5 30. Rac1 Nf5 31. Kf2 Qh4+ 32. Kf1 Qxh2 33. Qd2 h5 34. Ne2 Rc2 35. Qd1 R2c3 36. Ra1 Ra8 0-1

[Event "Bled/Portoroz"]
[Site "Bled"]
[Date "1979.??.??"]
[Round "?"]
[White "Sahovic, Dragutin"]
[Black "Tseshkovsky, Vitaly"]
[Result "0-1"]
[WhiteElo "2520"]
[BlackElo "2560"]
[PlyCount "84"]
[EventDate "1979.06.??"]
[Source "ChessBase"]

1. d4 Nf6 2. Nc3 d5 3. Bg5 Nbd7 4. f3 e6 5. e4 h6 6. Bh4 dxe4 7. fxe4 Bb4 8. Qf3 c5 9. O-O-O cxd4 10. Rxd4 Qa5 11. Nge2 O-O 12. Kb1 Bc5 13. Rd1 Ne5 14. Qh3 Rd8 15. Rxd8+ Qxd8 16. Nc1 Ng6 17. Be1 Bd7 18. Bd3 a6 19. Qg3 Bd4 20. h4 h5 21. N3e2 Be5 22. Qf3 Rc8 23. c3 b5 24. Bc2 Bc6 25. Ng3 Qc7 26. Nxh5 Nxh5 27. Qxh5 b4 28. Qf3 Bf6 29. h5 Ne5 30. Qf4 a5 31. h6 Qb7 32. hxg7 Bxg7 33. Qh4 Ng6 34. Qh7+ Kf8 35. e5 bxc3 36. Bxc3 Bxg2 37. Rg1 Rxc3 38. Bxg6 fxg6 39. Ka1 Rc2 40. Nb3 Qe4 41. Rd1 Qxe5 42. Nd4 Qxd4 0-1

[Event "Deildakeppni 9596"]
[Site "Gardaboer"]
[Date "1996.03.??"]
[Round "?"]
[White "Conquest, Stuart"]
[Black "Stefansson, Hannes H"]
[Result "1/2-1/2"]
[WhiteElo "2540"]
[BlackElo "2540"]
[PlyCount "51"]
[EventDate "1996.??.??"]
[Source "www.chesslib.no"]
[SourceDate "2004.05.04"]

1. d4 Nf6 2. Nc3 d5 3. Bg5 Nbd7 4. Nf3 c6 5. e3 g6 6. Bd3 Bg7 7. Qe2 O-O 8. O-O Re8 9. e4 dxe4 10. Nxe4 Nxe4 11. Qxe4 Qb6 12. Qh4 e5 13. Rae1 Qxb2 14. dxe5 Nc5 15. Bf6 Nxd3 16. cxd3 Qxa2 17. Re4 Bf5 18. Rf4 Be6 19. Bxg7 Kxg7 20. Qf6+ Kg8 21. Ng5 h5 22. Ne4 Qe2 23. Qg5 Bd5 24. Nf6+ Kg7 25. Nxd5 cxd5 26. Rxf7+ 1/2-1/2